Virtual reality environment / (Record no. 188644)

000 -LEADER
fixed length control field 00750 a2200193 4500
003 - CONTROL NUMBER IDENTIFIER
control field NUST
005 - DATE AND TIME OF LATEST TRANSACTION
control field 20251118180528.0
040 ## - CATALOGING SOURCE
Transcribing agency Nust
082 ## - DEWEY DECIMAL CLASSIFICATION NUMBER
Classification number 621.382,SHA
100 ## - MAIN ENTRY--PERSONAL NAME
Personal name Shams, GC Haider Ali ( TCC-15B)
9 (RLIN) 131937
245 ## - TITLE STATEMENT
Title Virtual reality environment /
Statement of responsibility, etc. GC Haider Ali Shams, GC Danish Gul Khattak, GC Khalil Ahmed Khan and Lt Cdr Ehtesham Khatak
260 ## - PUBLICATION, DISTRIBUTION, ETC.
Place of publication, distribution, etc. Rawalpindi
Name of publisher, distributor, etc. MCS (NUST)
Date of publication, distribution, etc. April 2007
300 ## - PHYSICAL DESCRIPTION
Extent x 73 p.;
505 ## - FORMATTED CONTENTS NOTE
Formatted contents note Introduction (Page-1), OUR Project (Page-15), Implementation (Page-35), Applications (Page-54), Further Enhancements (Page-69), Bibliography (Page-73).
650 ## - SUBJECT ADDED ENTRY--TOPICAL TERM
Topical term or geographic name entry element UG Projects
9 (RLIN) 98716
651 ## - SUBJECT ADDED ENTRY--GEOGRAPHIC NAME
Geographic name TCC-15B
9 (RLIN) 131923
700 ## - ADDED ENTRY--PERSONAL NAME
Personal name Supervised by Lt Col (R) Muhammad Saleem
9 (RLIN) 131907
942 ## - ADDED ENTRY ELEMENTS (KOHA)
Koha item type Project Report
Source of classification or shelving scheme
Holdings
Withdrawn status Lost status Source of classification or shelving scheme Damaged status Not for loan Permanent Location Current Location Shelving location Date acquired Full call number Barcode Date last seen Price effective from Koha item type Public note
          Military College of Signals (MCS) Military College of Signals (MCS) Reference 12/12/2016 621.382, SHA MCSPTC-91 12/08/2016 12/12/2016 Project Report Almirah No. 94, Shelf No. 2
© 2023 Central Library, National University of Sciences and Technology. All Rights Reserved.